000
00332nam a22001097a 4500
082
_a
001
100
_a
तिवारी धर्मेन्द
_9
80971
245
_a
तथ्यात्मक मध्यप्रदेश 3edijtion
260
_a
आई टारगेट
650
_a
g k
_9
17291
942
_c
BK
999
_c
64184
_d
64184